The radio amateur's handbook

保存先:
書誌詳細
団体著者: American Radio Relay League (著者)
フォーマット: 図書
言語:英語
出版事項: Newington American Radio Relay League 1968
版:45a. ed
主題:
タグ: タグ追加
タグなし, このレコードへの初めてのタグを付けませんか!

MARC

LEADER 00000nam a2200000 a 4500
001 UCU5953
003 CL-VaPUC
008 960614e19680000US |||||||||||||||||eng|d
082 0 4 |a 621.382  |b AME  |2 21 
110 2 |a American Radio Relay League  |e author  |9 364059 
245 1 4 |a The radio amateur's handbook 
250 |a 45a. ed 
300 |a 611 p 
942 |c BK 
945 |d 19960614 00:00:00  |a cmena 
260 |a Newington  |b American Radio Relay League  |c 1968 
650 7 |a COMUNICACIONES POR RADIO  |2 CL-VaPUC  |9 364060 
650 0 |a Circuitos eléctricos   |9 260262 
650 0 |a Electricidad  |9 260222 
650 0 |a Propagación de ondas  |9 263256 
650 7 |a FRECUENCIAS  |2 CL-VaPUC  |9 360857 
650 7 |a LONGITUD DE ONDA  |2 CL-VaPUC  |9 360856 
650 0 |a Voltaje   |9 362861 
650 0 |a Amplificadores   |9 338119 
650 0 |a Ondas de radio  |9 263255 
583 |a last modification  |c 19960614 00:00:00  |k Rodrigo Vera 
999 |c 249084  |d 249082 
952 |0 0  |1 0  |4 0  |6 621_382000000000000_AME_1968  |7 0  |8 A  |9 266115  |a BIBING  |b BIBING  |d 2019-11-19  |i 1688561  |o 621.382 AME 1968  |p 1688561  |r 2025-01-20  |w 2019-11-19  |y BK  |k EIE